කඨින මහා පිංකමේ ආනිසංස (Record no. 2963)
[ view plain ]
| 000 -LEADER | |
|---|---|
| fixed length control field | 00576nam a2200169Ia 4500 |
| 008 - FIXED-LENGTH DATA ELEMENTS--GENERAL INFORMATION | |
| fixed length control field | 180921t2018 xxu||||| |||| 00| 0 sin d |
| 041 ## - LANGUAGE CODE | |
| Language code of text/sound track or separate title | sin |
| 080 ## - UNIVERSAL DECIMAL CLASSIFICATION NUMBER | |
| Universal Decimal Classification number | 294.3 |
| Item number | KAT |
| 003 - CONTROL NUMBER IDENTIFIER | |
| control field | LK-CoDNM |
| 040 ## - CATALOGING SOURCE | |
| Original cataloging agency | LK-CoDNM |
| Modifying agency | LK-CoDNM |
| Description conventions | LK-CoDNM |
| 100 ## - MAIN ENTRY--PERSONAL NAME | |
| Personal name | පරගස්තොට සුධම්ම හිමි |
| Relator term | com. |
| 245 ## - TITLE STATEMENT | |
| Title | කඨින මහා පිංකමේ ආනිසංස |
| 246 ## - VARYING FORM OF TITLE | |
| Title proper/short title | Katina maha pinkame anisansa |
| 260 ## - PUBLICATION, DISTRIBUTION, ETC. | |
| Name of publisher, distributor, etc. | ලක්නා මුද්රණාලය |
| Place of publication, distribution, etc. | වාද්දූව |
| Date of publication, distribution, etc. | 2018 |
| 300 ## - PHYSICAL DESCRIPTION | |
| Other physical details | පි.40, සෙ.මි.21 |
| 942 ## - ADDED ENTRY ELEMENTS (KOHA) | |
| Koha item type | Books |
| Withdrawn status | Lost status | Damaged status | Not for loan | Collection | Home library | Current library | Date acquired | Full call number | Barcode | Date last seen | Price effective from | Koha item type |
|---|---|---|---|---|---|---|---|---|---|---|---|---|
| Monographs | Library National Museum Colombo - Sri Lanka | Library National Museum Colombo - Sri Lanka | 2022-02-22 | 294.3 KAT | P43420 | 2023-06-01 | 2023-06-01 | Books |


